000 00332nam a2200133Ia 4500
008 240624s9999 xx 000 0 und d
041 _aeng
082 _a570.285 ATT
100 _aATTWOOD T K
245 _aINTRODUCTION TO BIOINFORMATICS
260 _c2005
_aDelhi
_bPearson Education
300 _axx, : 218 : cm. ; 25
365 _cRS
999 _c1836
_d1836